000 01898cam a2200565 i 4500
001 1634
003 KOSZ 005
005 20250723090754.0
008 250723s1978 pl a f 001 0 pol
015 _aUWD 1978/3155
035 _a991019056909705066
035 _a(PL-WaBN)b15161729-48omnis_nlop
035 _ab15161729
035 _a(OCoLC)830339444
035 _a(PUBLU)vtls000015625
035 _awbpkbg050690
035 _azz2006967024
035 _a(PL)b0000001516172
035 _a(EXLNZ-48OMNIS_NETWORK)9910252523605606
040 _aWA N
_cWA N
_dKOSZ 005/RW
046 _k1959
080 _a330
080 _a(07)
100 1 _aLange, Oskar
_d(1904-1965)
_eAutor
245 1 0 _aEkonomia polityczna.
_nT. 1 i 2 /
_cOskar Lange.
246 _aEkonomia polityczna
250 _aT. 1 - wydanie VIII ; T. 2 - wydanie III.
260 _aWarszawa :
_bPaństwowe Wydawnictwo Naukowe,
_c1978.
300 _a491, [1] stron :
_bilustracje, errata ;
_c25 cm.
336 _aTekst
_btxt
_2rdacontent
337 _aBez urządzenia pośredniczącego
_bn
_2rdamedia
338 _aWolumin
_bnc
_2rdacarrier
380 _aKsiążki
380 _aPublikacje dydaktyczne
380 _aPublikacje fachowe
380 _aPublikacje naukowe
385 _mPoziom nauczania
_aSzkoły wyższe
388 1 _a1901-2000
388 1 _a1945-1989
500 _aInformacja o wydaniach tomów w metryczce.
504 _aIndeksy.
505 _aZawiera: T.1 - Zagadnienia ogólne. Wydanie 8 i T. 2 - Społeczny proces produkcji. Wydanie 3.
650 7 _aEkonomia
_2DBN
655 7 _aPodręcznik
_2DBN
658 _aGospodarka, ekonomia, finanse
710 2 _aPaństwowe Wydawnictwo Naukowe
_4pbl
856 _uhttps://koha.tu.koszalin.pl/cgi-bin/koha/opac-detail.pl?biblionumber=1634
_yKatalog online BPK
942 _2UKD
_cKS
999 _c1634
_d1634